01697nam a2200205 a 4500020002700000020003000027082001700057245003600074250001200110260003800122300001100160490001600171520106600187650002401253700001601277856007001293942000701363999001501370952010601385 a0632032553 (hardcover) a9780632032556 (hardcover) a660.2804 SAF10aSafety in chemical production / a1st ed. a[S.l.] :bWiley-Blackwell,c1992. a296 p.1 aBs - iupac. aThe first IUPAC Workshop on Safety in Chemical Production was established in recognition of the fact that, at present, University teaching in this area is inadequate and significant difficulties and dangers arise when chemists transfer from the academic to the industrial environment. Furthermore it had become evident from such tragedies as that which occured at Bhopal that there was a lack of standard procedure for transferring safety technology from the developed to the developing world. Finally, whilst there were a number of groups active in the fields of safety education, there was no unified and international approach to this important aspect of the technology. The primary objectives of the Workshop were: 1. To provide a unified basis at University level for safety education in chemical technology. 2. To provide, with Case Studies (especially in the field of Hazard Analysis and Risk Reduction) a series of model lectures for use in Universities. 3. A programme for future development. IUPAC were uniquely placed to establish the first workshop. achemical production1 aWhiston, J.40uhttp://www.amazon.com/exec/obidos/ASIN/0632032553/chopaconline-20 cBK c1631d1631 0010708NFICaICbICcGENd2015-07-20l0o660.2804 SAFp001923r2015-07-20 00:00:00w2015-07-20yREF